000 00493nam a2200193Ia 4500
005 20240823032342.0
008 240823s9999||||xx |||||||||||||| ||und||
020 _a978-81-317-1333-4
041 _aENGLISH
082 _A004.21 Q2
100 _a"Osborn,Gerg"
245 0 _aEmbedded Microcontrollers and Processor Design
250 _a1st
260 _c2012
_b"Pearson Education, New "
500 _aYES
650 _aMicrocontroller
_bComputer Science
942 _cBK
999 _c193244
_d193244